|
|
|
|
| LEADER |
01127cam a2200325 a 4500 |
| 001 |
c000045518 |
| 003 |
CARM |
| 005 |
19981123000000.0 |
| 008 |
800304s1979 enk b 001 0 eng |
| 010 |
|
|
|a 80454394 //r982
|
| 015 |
|
|
|a GB***
|
| 019 |
1 |
|
|a 23893648
|z 1692366
|5 LACONCORD2021
|
| 020 |
|
|
|a 0333231066 :
|c L.7.95
|
| 020 |
|
|
|a 0333231074 (pbk.)
|
| 035 |
|
|
|a (OCoLC)6143847
|5 LACONCORD2021
|
| 040 |
|
|
|a LC
|b eng
|c LC
|d LC
|
| 050 |
0 |
0 |
|a PR4757.P58
|b T5
|
| 082 |
0 |
0 |
|a 821/.8
|
| 245 |
0 |
0 |
|a Thomas Hardy, poems :
|b a casebook /
|c edited by James Gibson and Trevor Johnson.
|
| 260 |
|
|
|a London :
|b Macmillan,
|c 1979.
|
| 300 |
|
|
|a 274 p. ;
|c 23 cm.
|
| 490 |
0 |
|
|a Casebook series
|
| 500 |
|
|
|a Includes index.
|
| 504 |
|
|
|a Bibliography: p. [264]-266.
|
| 600 |
1 |
0 |
|a Hardy, Thomas,
|d 1840-1928
|x Poetic works.
|
| 700 |
1 |
|
|a Gibson, James,
|d 1919-
|
| 700 |
1 |
|
|a Johnson, Trevor,
|d 1929-
|
| 852 |
8 |
|
|b CARM
|h A2:AB04A0
|i B02181
|p 0088479
|f BK
|
| 999 |
f |
f |
|i f3a0206e-bfa3-5a61-a8d2-a430c00bd96e
|s 77d62bdd-6fdb-5afd-811d-e5ada721c602
|
| 952 |
f |
f |
|p Can circulate
|a CAVAL
|b CAVAL
|c CAVAL
|d CARM 1 Store
|e B02181
|f A2:AB04A0
|h Other scheme
|i book
|m 0088479
|